000
00230 a2200097 4500
001
33836
100
_a
Mishra,R.C
245
_a
Guidance & Counselling
260
_a
New Delhi
_b
APH Publishing Corporation
_c
090
_c
22487
_d
22487
942
_a
NUST-CAE
_c
M
_c
13877
999
_c
268909
_d
268909